01447nam a22003014a 4500001001200000003000800012006001900020007001500039008004100054010001700095020002800112020003500140040002100175035002100196050002600217082001700243245015300260260007600413300002400489504005100513520021800564533015200782650002100934655002900955700001800984710001701002856012601019ebr10271653CaPaEBRm u cr cn|||||||||041020s2005 enka sb 001 0 eng  z 2004024898 z0199245649 (alk. paper) z0199245630 (pbk. : alk. paper) aCaPaEBRcCaPaEBR a(OCoLC)13268906614aBF323.J63bJ65 2005eb04a153.7/3322200aJoint attentionh[electronic resource] :bcommunication and other minds : issues in philosophy and psychology /cedited by Naomi Eilan ... [et al.]. aOxford :bClarendon Press ; New York :bOxford University Press,c2005. axii, 332 p. :bill. aIncludes bibliographical references and index. a"This book contains research into the cognitive phenomenon of 'joint attention'. Philosophical and psychological perspectives on the nature and significance of this phenomenon are examined"--Provided by publisher. aElectronic reproduction.bPalo Alto, Calif. :cebrary,d2013.nAvailable via World Wide Web.nAccess may be limited to ebrary affiliated libraries. 0aJoint attention. 7aElectronic books.2local1 aEilan, Naomi.2 aebrary, Inc.40uhttp://site.ebrary.com/lib/rucke/Doc?id=10271653zAn electronic book accessible through the World Wide Web; click to view